El concepto de número /
Guardado en:
| Autor Principal: | |
|---|---|
| Formato: | Libro |
| Idioma: | Spanish |
| Publicado: |
Washington, D.C. :
Programa Regional de Desarrollo Científico y Tecnológico, Departamento de Asuntos Científicos, Secretaría General de la Organización de los Estados Americanos,
1973, c1968.
|
| Edición: | 2a. ed., rev. y corr. |
| Series: | Colección de monografías científicas. Serie de matemática ;
monografía no. 7 |
| Materias: | |
| Etiquetas: |
Agregar Etiqueta
Sin Etiquetas, Sea el primero en etiquetar este registro!
|
| LEADER | 01119cam a22002051a 4500 | ||
|---|---|---|---|
| 001 | MAT.inmabb006918 | ||
| 008 | 830607t19731968dcu######b###i000#0#spa## | ||
| 005 | 20180503122538.0 | ||
| 245 | 1 | 3 | |a El concepto de número / |c por César A. Trejo. |
| 250 | |a 2a. ed., rev. y corr. | ||
| 260 | |a Washington, D.C. : |b Programa Regional de Desarrollo Científico y Tecnológico, Departamento de Asuntos Científicos, Secretaría General de la Organización de los Estados Americanos, |c 1973, c1968. | ||
| 300 | |a viii, 122 p. ; |c 23 cm. | ||
| 490 | 1 | |a Colección de monografías científicas. Serie de matemática ; |v monografía no. 7 | |
| 504 | |a Bibliografía: p. 117-118. | ||
| 505 | 0 | |a Introducción. Conjuntos y relaciones -- 1. Primer enfoque del concepto de número y sus ampliaciones -- 2. El número natural -- 3. El número entero y el número racional -- 4. El número real -- 5. El número complejo. | |
| 100 | 1 | |a Trejo, César A. | |
| 810 | 2 | |a Colección de monografías científicas. Serie de matemática ; |v monografía no. 7. | |
| 650 | 0 | |a Number theory. | |
| 084 | |a 03-01 |2 msc2000 | ||
| 859 | |h 03 |i T787-2 |p A-8998 |b BIB. MATEMATICA | ||
